| 000 | 01346nam a22003257a 4500 | ||
|---|---|---|---|
| 005 | 2010091802302.0 | ||
| 008 | 100915t xxu||||| |||| 00| 0 hin d | ||
| 010 | _aHIN-91987 | ||
| 020 |
_c400.00 _a818809062x |
||
| 035 | _aHN-64333 | ||
| 037 | _bDBAD / PUB | ||
| 040 |
_aDPL _bHN |
||
| 082 | _aउ | ||
| 100 |
_920178 _aचोपडा़, मोहन |
||
| 110 | _926418 | ||
| 245 |
_aतीन उपन्यास / _cमोहन चोपडा़ |
||
| 246 |
_aTeen upanyas _bby mohan chopra |
||
| 260 |
_aदिल्ली _bस्वास्तिक प्रकाशन _c2011 |
||
| 270 |
_aआत्माराम बिल्डिग, 1376, कश्मीरी गेट _bदिल्ली _e110006 |
||
| 300 |
_a264पृ. _c22सेमी (सजिल्द) |
||
| 500 | _aबाँहें, नीडं से आगे, एक छाया और मै | ||
| 600 |
_926453 _aहिन्दी कथा साहित्य |
||
| 650 |
_91159 _aहिन्दी कथा साहित्य |
||
| 650 |
_926117 _aHindi Novel |
||
| 700 | _920179 | ||
| 700 | _920333 | ||
| 700 | _920540 | ||
| 942 |
_2ddc _cHN _mचोपड़ा _hउ |
||
| 999 |
_c50942 _d50942 |
||